000 00762nas a2200241 4500
001 BR7310399
003 BR-BrBNA
005 20231205082700.0
007 ta
008 230509b bl.|||p| |||| 00| 00por d
040 _aBR-BrBNA
_bpor
_cBiblioteca Nacional de Agricultura
041 _a(Pt)
072 _aL73
100 1 _aAraujo, R.F. de
100 1 _aReis, R.
100 1 _aRyu, E.
245 1 _aAvaliacao clinica do uso de oxitetraciclina em leptospirose suina [Sus domesticus]
650 _aSUÍNO
650 _aLEPTOSPIROSE
773 0 _tArquivos da Escola de Veterinaria da Universidade Federal de Minas Gerais (Brazil)
_xISSN 0365-8384
_g(1973), v. 25(2) p. 127-130
_wBR7310399
909 _a202311
_bLúcia
_c55
_dLúcia Elande
942 _2AGRIS
_n0
_cANA
999 _c93661
_d93661